02060nam a22004094a 4500001001200000003000800012006001900020007001500039008004100054010001700095015001900112016001800131020002700149020002200176040002100198035002000219050002900239082001200268100001800280245011400298250001200412260005000424300001500474490006500489504006400554505052900618533015201147600003101299650003201330650002501362650001801387655002901405710001701434830005401451856012601505999001901631ebr10131771CaPaEBRm u cr cn|||||||||050623s2005 nyu sb 001 0 eng  z 2005018165 aGBA5671192bnb7 z0132697302Uk z0823225348 (hardcover) z0823225356 (pbk.) aCaPaEBRcCaPaEBR a(OCoLC)7101076714aB2430.L14664bM37 2005eb04a1942221 aMartis, John.10aPhilippe Lacoue-Labartheh[electronic resource] :brepresentation and the loss of the subject /cJohn Martis. a1st ed. aNew York :bFordham University Press,cc2005. axv, 296 p.1 aPerspectives in continental philosophy,x1089-3938 ;vno. 50 aIncludes bibliographical references (p. 275-289) and index.00tRepresentation and subjectivity : the Kantian bequest onward --tPlato pursued : mimesis, decision, and the subject --tDescribing the subject of paradoxes and echoes --tLiterature : hints of the hyperbological --tSubjectal loss in Lacoue-Labarthe : the recurrence of hyperbology --tThe political subject lost between Heidegger and Nietzsche --tLacoue-Labarthe and Jean-Luc Nancy : sublime truth perpetually offered as its other --tLacoue-Labarthe between Derrida and Blanchot : movement as marking the subject-in-loss. aElectronic reproduction.bPalo Alto, Calif. :cebrary,d2013.nAvailable via World Wide Web.nAccess may be limited to ebrary affiliated libraries.10aLacoue-Labarthe, Philippe. 0aRepresentation (Philosophy) 0aSubject (Philosophy) 0aSubjectivity. 7aElectronic books.2local2 aebrary, Inc. 0aPerspectives in continental philosophy ;vno. 50.40uhttp://site.ebrary.com/lib/rucke/Doc?id=10131771zAn electronic book accessible through the World Wide Web; click to view c183415d183415